LEADER 00936nam a2200241 u 4500 001 000000051678 003 CaOOAMICUS 005 20070226115350.0 008 000922s1987 it u000 u ita u 035 $a10856341 040 $aPUL(R)$bita 100 1 $aGaluzzi, Alessandro Maria,$cO.M.,$d1941-1997.$0(OLS)http://pul/name/7972 245 10$aAppunti di metodologia /$cAlessandro Galuzzi. 250 $a5. ed. 260 $aRoma :$bPontificia Universitą Lateranense,$c1987. 300 $a97 p. ;$c22 cm 650 4$aMetodologia.$0(OLS)http://pul/subject/1971 850 $aPUL 852 $aPUL$W1$xDP1 Fondo Maccarrone$y58$m1526 A 13$j68446$nBK-PRI$b $qFondi$B68446$CPULBib$Z2$F68446 $H $81 941 1 $a1 961 $aINV: F.Maccarrone 996 $6245$aAppunti di metodologia$9(OLS)http://pul/title/11642 996 $6260$aRoma :$bPontificia Universitą Lateranense$9(OLS)http://pul/publisher/47963 LEADER 01325namaa2200337 i 4500 001 000000178473 003 CaOOAMICUS 005 20260209173603.0 007 tu 008 260209s1982 it 000 u ita r 040 $aPUL$bita$erda 082 0 $a923 100 1 $aMoro, Maria Fida$b1946 ? 2024,$eautore.$0(OLS)http://pul/name/110807 245 13$aLa casa dei cento Natali /$cMaria Fida Moro ; prefazione di Leonardo Sciascia. 250 $a1.edizione aprile 1982 264 4$c©1982. 264 1$aMilano :$bRizzoli,$c1982. 300 $a128 pagine ;$c22 cm 336 $atesto$btxt$2rdacontent 337 $asenza mediazione$bn$2rdamedia 338 $avolume$bnc$2rdacarrier 600 14$aMoro, Aldo,$d1916-1978.$0(OLS)http://pul/subject/11773 700 1 $aSciascia, Leonardo,$d1921-1989,$eautore di introduzione.$0(OLS)http://pul/name/65439 850 $aPUL 852 $aPUL$W1$xDP1 Fondo Liberati$y125$m5 A 11$j115159$qFondi$B207588$CPULBib$Z2$F207588 $HLib43 $82 941 1 $a1 996 $6082$a923$9(OLS)http://pul/classification/2848 996 $6245$aLa casa dei cento Natali$9(OLS)http://pul/title/220058 996 $6264$aMilano :$bRizzoli$9(OLS)http://pul/publisher/48712 996 $6264$a[S.l.] :$b[s.n.]$9(OLS)http://pul/publisher/0